[Event "Merida World Heritage op 1st"]
[Site "Merida"]
[Date "2021.08.06"]
[Round "5"]
[White "Ribeiro, Gustavo"]
[Black "Olivera Gutierrez, Albert"]
[Result "1-0"]
[WhiteElo "1639"]
[BlackElo "2097"]
[PlyCount "61"]
[EventDate "2021.08.04"]
[EventType "swiss"]
[EventRounds "9"]
[EventCountry "ESP"]
[SourceTitle "EXT 2023"]
[Source "ChessBase"]
[SourceDate "2022.10.05"]
[SourceVersion "1"]
[SourceVersionDate "2022.10.05"]
[SourceQuality "1"]

1. e4 Nf6 2. e5 Nd5 3. c4 Nb6 4. d4 d6 5. exd6 cxd6 6. Nf3 g6 7. Be3 Bg7 8. Nbd2 0-0 9. Bd3 Bg4 10. 0-0 Nc6 11. h3 Bxf3 12. Nxf3 d5 13. c5 Nc8 14. Re1 e6 15. a3 a5 16. Qd2 Re8 17. b4 axb4 18. axb4 Rxa1 19. Rxa1 e5 20. Nxe5 Nxe5 21. dxe5 Bxe5 22. Rd1 Qf6 23. Bb5 Bc3 24. Qxd5 Ne7 25. Qxb7 Rf8 26. c6 Bxb4 27. Bh6 Bc5 28. Bxf8 Qxf2+ 29. Kh1 Kxf8 30. c7 Qc2 31. c8Q+ 1-0

[Event "Online Olym Disabilities"]
[Site "Tornelo INT"]
[Date "2020.11.25"]
[Round "5.13"]
[White "Arstanbekov, Dzhanysh"]
[Black "Olivera Gutierrez, Albert"]
[Result "1/2-1/2"]
[WhiteElo "1729"]
[BlackElo "2097"]
[PlyCount "91"]
[EventDate "2020.11.21"]
[EventType "team-swiss (rapid)"]
[EventRounds "7"]
[EventCountry "NET"]
[SourceTitle "CBM 199 Extra"]
[Source "ChessBase"]
[SourceDate "2021.01.31"]
[SourceVersion "1"]
[SourceVersionDate "2021.01.31"]
[SourceQuality "1"]
[WhiteTeam "Kyrgyzstan"]
[BlackTeam "Spain"]
[WhiteTeamCountry "KGZ"]
[BlackTeamCountry "ESP"]

1. e4 d5 2. exd5 Nf6 3. d4 Bg4 4. Be2 Bxe2 5. Qxe2 Qxd5 6. Nf3 e6 7. 0-0 Nc6 8. c3 Be7 9. Bf4 Qd7 10. Ne5 Nxe5 11. dxe5 Nd5 12. Bg3 0-0 13. c4 Nb6 14. Rd1 Qc6 15. b3 a5 16. Nc3 a4 17. Nb5 axb3 18. axb3 Bc5 19. h3 Rxa1 20. Rxa1 Nc8 21. Kh2 Qb6 22. Rb1 c6 23. Nc3 Ne7 24. Na4 Qb4 25. Nxc5 Qxc5 26. f4 Qd4 27. Rd1 Qb6 28. Qf3 Rd8 29. Bf2 Qc7 30. Rd3 Ng6 31. g3 Nf8 32. Qd1 Rxd3 33. Qxd3 Qd7 34. Qxd7 Nxd7 35. Kg2 Kf8 36. Kf3 Ke7 37. Ke4 g6 38. g4 Kd8 39. f5 Ke8 40. Bd4 Kf8 41. Kf4 Kg7 42. h4 Kg8 43. Kg5 Kg7 44. Kf4 Kg8 45. Kg5 Kg7 46. Kf4 1/2-1/2

[Event "Seville op 41st"]
[Site "Seville"]
[Date "2016.01.14"]
[Round "7"]
[White "Rizouk, Aimen"]
[Black "Olivera Gutierrez, Albert"]
[Result "1-0"]
[WhiteElo "2511"]
[BlackElo "2041"]
[PlyCount "47"]
[EventDate "2016.01.08"]
[EventType "swiss"]
[EventRounds "9"]
[EventCountry "ESP"]
[SourceTitle "CBM 170 Extra"]
[Source "ChessBase"]
[SourceDate "2016.02.25"]
[SourceVersion "1"]
[SourceVersionDate "2016.02.25"]
[SourceQuality "1"]

1. e4 e5 2. d4 exd4 3. Qxd4 Nc6 4. Qe3 Nf6 5. Bd2 Bb4 6. Nc3 0-0 7. 0-0-0 Re8 8. f3 d5 9. Qf2 dxe4 10. Bg5 Qe7 11. Nd5 Qe6 12. Bxf6 gxf6 13. fxe4 Be7 14. Nf3 Bd8 15. Bb5 Qg4 16. Nd4 Qg5+ 17. Kb1 Bd7 18. h4 Qe5 19. Rhe1 Bg4 20. Bxc6 bxc6 21. Nxc6 Qe6 22. Nxd8 Raxd8 23. Nxf6+ Qxf6 24. Qxf6 1-0

[Event "Valladolid Once-ch 23rd"]
[Site "Valladolid"]
[Date "2012.11.24"]
[Round "7"]
[White "Martinez Colomar, Alejandro"]
[Black "Olivera Gutierrez, Albert"]
[Result "0-1"]
[WhiteElo "1796"]
[BlackElo "2046"]
[PlyCount "20"]
[EventDate "2012.11.18"]
[EventType "swiss"]
[EventRounds "8"]
[EventCountry "ESP"]
[SourceTitle "CBM 151 Extra"]
[Source "ChessBase"]
[SourceDate "2012.12.18"]
[SourceVersion "1"]
[SourceVersionDate "2012.12.18"]
[SourceQuality "1"]

1. c4 e5 2. Nc3 Nf6 3. g3 d5 4. cxd5 Nxd5 5. Bg2 Nb6 6. d3 Be7 7. Nf3 Nc6 8. 0-0 0-0 9. d4 exd4 10. Nxd4 Nxd4 0-1

[Event "Valladolid Once-ch 23rd"]
[Site "Valladolid"]
[Date "2012.11.23"]
[Round "6"]
[White "Olivera Gutierrez, Albert"]
[Black "Gimeno Diaz, Fernando"]
[Result "0-1"]
[WhiteElo "2046"]
[BlackElo "1886"]
[PlyCount "54"]
[EventDate "2012.11.18"]
[EventType "swiss"]
[EventRounds "8"]
[EventCountry "ESP"]
[SourceTitle "CBM 151 Extra"]
[Source "ChessBase"]
[SourceDate "2012.12.18"]
[SourceVersion "1"]
[SourceVersionDate "2012.12.18"]
[SourceQuality "1"]

1. e4 c5 2. Nf3 d6 3. d4 cxd4 4. Nxd4 Nf6 5. Nc3 a6 6. Qf3 Qc7 7. Be3 g6 8. h3 Bg7 9. g4 Nbd7 10. g5 Ne5 11. Qg2 Nfd7 12. 0-0-0 e6 13. f4 Nc4 14. Bxc4 Qxc4 15. f5 exf5 16. exf5 Be5 17. Nd5 0-0 18. b3 Qc5 19. Ne6 Qa3+ 20. Kd2 fxe6 21. fxe6 Nc5 22. e7 Re8 23. Nf6+ Kf7 24. Qf3 Bf5 25. Nxe8 Rxe8 26. Qd5+ Kxe7 27. h4 Qxa2 0-1

[Event "Valladolid Once-ch 23rd"]
[Site "Valladolid"]
[Date "2012.11.20"]
[Round "3"]
[White "Arranz Fraile, Javier"]
[Black "Olivera Gutierrez, Albert"]
[Result "0-1"]
[WhiteElo "1644"]
[BlackElo "2046"]
[PlyCount "64"]
[EventDate "2012.11.18"]
[EventType "swiss"]
[EventRounds "8"]
[EventCountry "ESP"]
[SourceTitle "CBM 151 Extra"]
[Source "ChessBase"]
[SourceDate "2012.12.18"]
[SourceVersion "1"]
[SourceVersionDate "2012.12.18"]
[SourceQuality "1"]

1. e4 c5 2. Nf3 Nc6 3. d4 cxd4 4. Nxd4 Qc7 5. Be3 e6 6. Nxc6 Qxc6 7. Bd3 a6 8. Nd2 b5 9. 0-0 Bb7 10. Nf3 Nf6 11. Nd4 Qc7 12. Qf3 d5 13. exd5 Bxd5 14. Qh3 Bd6 15. Bg5 Be5 16. c3 h6 17. f4 Bxd4+ 18. cxd4 Ne4 19. Rac1 Qb6 20. Bh4 Qxd4+ 21. Bf2 Nxf2 22. Rxf2 0-0 23. Rd1 f5 24. g4 Rad8 25. Be2 Qe4 26. Bf3 Qe3 27. Bg2 Qxh3 28. Bxh3 Be4 29. Rfd2 Rc8 30. Kf2 fxg4 31. Bf1 Rxf4+ 32. Ke3 e5 0-1

[Event "Collado Villalba op 28th"]
[Site "Collado Villalba"]
[Date "2011.08.26"]
[Round "4"]
[White "Martin Consuegra, Barrilero Javier"]
[Black "Olivera Gutierrez, Albert"]
[Result "1/2-1/2"]
[WhiteElo "1892"]
[BlackElo "2036"]
[PlyCount "48"]
[EventDate "2011.08.23"]
[EventType "swiss"]
[EventRounds "9"]
[EventCountry "ESP"]
[SourceTitle "CBM 144 Extra"]
[Source "ChessBase"]
[SourceDate "2011.10.28"]
[SourceVersion "1"]
[SourceVersionDate "2011.10.28"]
[SourceQuality "1"]

1. d4 d6 2. Bf4 g6 3. e3 Bg7 4. Nf3 Nf6 5. h3 0-0 6. Be2 c5 7. c3 Be6 8. dxc5 dxc5 9. Qxd8 Rxd8 10. Nbd2 Nc6 11. Ng5 Bc8 12. Bc4 e6 13. Nde4 b6 14. Nxf6+ Bxf6 15. Ne4 Be7 16. Rd1 Rxd1+ 17. Kxd1 Bb7 18. f3 Na5 19. Be2 f5 20. Nd2 Kf7 21. e4 g5 22. Be3 Rd8 23. Kc2 Bf6 24. Rd1 h6 1/2-1/2

[Event "Collado Villalba op 28th"]
[Site "Collado Villalba"]
[Date "2011.08.24"]
[Round "2"]
[White "Navarro Martin, Carlos Alberto"]
[Black "Olivera Gutierrez, Albert"]
[Result "1-0"]
[WhiteElo "1852"]
[BlackElo "2036"]
[PlyCount "49"]
[EventDate "2011.08.23"]
[EventType "swiss"]
[EventRounds "9"]
[EventCountry "ESP"]
[SourceTitle "CBM 144 Extra"]
[Source "ChessBase"]
[SourceDate "2011.10.28"]
[SourceVersion "1"]
[SourceVersionDate "2011.10.28"]
[SourceQuality "1"]

1. d4 d5 2. c4 dxc4 3. e4 c5 4. d5 e6 5. Bxc4 Nf6 6. Nc3 exd5 7. Bxd5 Nxd5 8. Qxd5 Nc6 9. Qxd8+ Kxd8 10. Bg5+ f6 11. 0-0-0+ Bd7 12. Bf4 g5 13. Bg3 h5 14. h4 Bg7 15. hxg5 fxg5 16. Nf3 g4 17. Ng5 Bh6 18. Rxh5 Kc8 19. Bf4 Be8 20. Rhh1 Nb4 21. Kb1 Bg7 22. Rxh8 Bxh8 23. Ne6 b6 24. Rd8+ Kb7 25. Rxa8 1-0

[Event "Vilafranca del Penedes op 5th"]
[Site "Vilafranca del Penedes"]
[Date "2011.06.03"]
[Round "8.3"]
[White "Olivera Gutierrez, Albert"]
[Black "Avila Jimenez, Xavier"]
[Result "0-1"]
[WhiteElo "2073"]
[BlackElo "2227"]
[PlyCount "86"]
[EventDate "2011.04.08"]
[EventType "swiss"]
[EventRounds "8"]
[EventCountry "ESP"]
[SourceTitle "EXT 2024"]
[Source "ChessBase"]
[SourceDate "2023.10.10"]
[SourceVersion "1"]
[SourceVersionDate "2023.10.10"]
[SourceQuality "1"]

1. e4 c6 2. d4 d5 3. e5 Bf5 4. Bd3 g6 5. Bxf5 gxf5 6. e6 Qd6 7. exf7+ Kxf7 8. Nf3 Nd7 9. 0-0 Ngf6 10. Re1 Rg8 11. Ng5+ Ke8 12. Re6 Qc7 13. Qf3 Bh6 14. Qxf5 Qb6 15. Nc3 Rg7 16. Re1 Bxg5 17. Bxg5 Qxd4 18. Bf4 Ng4 19. Be3 Qe5 20. Qxe5 Ngxe5 21. Kf1 Rf7 22. Bd4 Ng6 23. f3 e5 24. Re2 Kf8 25. Bf2 Nf4 26. Rd2 b6 27. Re1 Re8 28. Kg1 Rg7 29. Bg3 Nh5 30. Bf2 Nf4 31. Bg3 Nh5 32. Bf2 Rg6 33. Kh1 Kf7 34. Bh4 Nf4 35. Bg3 Nh5 36. Bh4 Ng7 37. Rf1 Nf5 38. Bf2 Reg8 39. g3 Rh6 40. Rg1 Rf6 41. Be1 Nd4 42. Rf2 Nxf3 43. Rgf1 e4 0-1

[Event "Mondariz op 8th"]
[Site "Mondariz"]
[Date "2011.04.17"]
[Round "2"]
[White "Fernandez Rey, Jorge"]
[Black "Olivera Gutierrez, Albert"]
[Result "1-0"]
[WhiteElo "1688"]
[BlackElo "2073"]
[PlyCount "43"]
[EventDate "2011.04.16"]
[EventType "swiss"]
[EventRounds "8"]
[EventCountry "ESP"]
[SourceTitle "EXT 2012"]
[Source "ChessBase"]
[SourceDate "2011.11.24"]
[SourceVersion "1"]
[SourceVersionDate "2011.11.24"]
[SourceQuality "1"]

1. e4 c5 2. Nf3 Nc6 3. d4 cxd4 4. Nxd4 Qc7 5. Nc3 e6 6. g4 a6 7. a3 b5 8. Nce2 Nxd4 9. Qxd4 Qxc2 10. Be3 Qc7 11. Rc1 Qd8 12. Bg2 Bb7 13. 0-0 Be7 14. Bf4 d6 15. Rfd1 Nf6 16. e5 Nd5 17. exd6 Bf6 18. Be5 Bxe5 19. Qxe5 0-0 20. Nd4 Re8 21. Nc6 f6 22. Nxd8 1-0